[Event "Bahn-SC Wuppertal 1 - DJK Aufwärts Aach"]
[Site "NRW-Klasse, Gruppe 2 2014/201"]
[Date "2015.03.01"]
[Round "7.6"]
[White "Peters, Ortwin"]
[Black "Van Dooren, Dirk"]
[Result "0-1"]
[WhiteElo "1961"]
[BlackElo "2196"]
[PlyCount "52"]
[EventDate "2015.??.??"]
[WhiteTeam "Bahn-SC Wuppertal 1"]
[BlackTeam "DJK Aufwärts Aachen 2"]

1. c4 g6 2. Nc3 Bg7 3. g3 f5 4. Bg2 Nf6 5. Nf3 d6 6. O-O O-O 7. d3 Nc6 8. Rb1
Nh5 9. Qc2 a5 10. a3 f4 11. b4 axb4 12. axb4 Bg4 13. Nb5 Qd7 14. Ng5 h6 15. Ne4
g5 16. Re1 Rf7 17. f3 Be6 18. g4 Nf6 19. h3 Nxe4 20. fxe4 h5 21. gxh5 Bxh3 22.
Bf3 g4 23. Bg2 Bxg2 24. Kxg2 f3+ 25. exf3 gxf3+ 26. Kf2 Qh3 0-1

[Event "Bahn-SC Wuppertal 1 - DJK Aufwärts Aach"]
[Site "NRW-Klasse, Gruppe 2 2014/201"]
[Date "2015.03.01"]
[Round "7.7"]
[White "Juegel, Marcel"]
[Black "Warschawskij, Grigorij"]
[Result "1-0"]
[WhiteElo "2162"]
[BlackElo "1812"]
[PlyCount "43"]
[EventDate "2015.??.??"]
[WhiteTeam "DJK Aufwärts Aachen 2"]
[BlackTeam "Bahn-SC Wuppertal 1"]

1. b3 e5 2. e3 Nf6 3. Bb2 d6 4. Be2 g6 5. Nf3 Bg7 6. d4 e4 7. Nfd2 d5 8. c4 c6
9. Nc3 O-O 10. g4 Ne8 11. Ba3 Nd6 12. cxd5 Re8 13. Bxd6 Qxd6 14. Ndxe4 Qd8 15.
dxc6 Nxc6 16. Bc4 Nxd4 17. exd4 Bxd4 18. O-O b5 19. Bd5 Qh4 20. Bxf7+ Kf8 21.
Bxe8 Bxg4 22. Qxd4 1-0

[Event "Bahn-SC Wuppertal 1 - DJK Aufwärts Aach"]
[Site "NRW-Klasse, Gruppe 2 2014/201"]
[Date "2015.03.01"]
[Round "7.8"]
[White "El Mali, Anas"]
[Black "van Oosterom, Chiel"]
[Result "0-1"]
[WhiteElo "1798"]
[BlackElo "2414"]
[PlyCount "70"]
[EventDate "2015.??.??"]
[WhiteTeam "Bahn-SC Wuppertal 1"]
[BlackTeam "DJK Aufwärts Aachen 2"]

1. d4 f5 2. c4 Nf6 3. g3 g6 4. Bg2 Bg7 5. Nf3 O-O 6. O-O d6 7. b3 Na6 8. Bb2
Qe8 9. Qc1 h6 10. Nbd2 g5 11. a3 c6 12. Qc2 Qh5 13. e4 fxe4 14. Nxe4 Bh3 15.
Nxf6+ Rxf6 16. Qe4 Bxg2 17. Kxg2 Nc7 18. h3 Raf8 19. Nh2 Re6 20. Qg4 Qg6 21.
Rae1 Rxe1 22. Rxe1 Qc2 23. Re2 Qxb3 24. Qd7 Ne8 25. Qxe7 Qxc4 26. Ng4 h5 27.
Nh2 Nf6 28. Qe6+ Qxe6 29. Rxe6 Kf7 30. Re3 Nd5 31. Rb3 b5 32. Nf3 Kg6 33. Nd2
Re8 34. Kf3 Bf6 35. Ne4 g4+ 0-1

[Event "SF Neuenkirchen 1 - SV Castrop-Rauxel 1"]
[Site "NRW-Klasse, Gruppe 2 2014/201"]
[Date "2015.03.01"]
[Round "7.1"]
[White "Kartsev, Soel"]
[Black "Muschik, Benedikt"]
[Result "1-0"]
[WhiteElo "2208"]
[BlackElo "2295"]
[PlyCount "109"]
[EventDate "2015.??.??"]
[WhiteTeam "SV Castrop-Rauxel 1"]
[BlackTeam "SF Neuenkirchen 1"]

1. c4 g6 2. g3 Bg7 3. Bg2 e5 4. Nc3 d6 5. b4 f5 6. Rb1 Nc6 7. b5 Nce7 8. d3 h6
9. e3 Nf6 10. Nge2 O-O 11. O-O g5 12. f4 Qe8 13. c5 Qh5 14. cxd6 cxd6 15. b6
axb6 16. Rxb6 Ra6 17. Qb3+ Kh8 18. Rxb7 Bxb7 19. Qxb7 Rxa2 20. Nxa2 Qxe2 21.
Qxe7 Qxa2 22. fxg5 hxg5 23. Qxd6 Rc8 24. Qxe5 Qe2 25. Bf3 Qxd3 26. Rd1 Qc2 27.
Qb2 Qa4 28. Rd4 Qe8 29. Qd2 Rb8 30. Rc4 g4 31. Bc6 Qe6 32. Qc2 Rd8 33. Bg2 Nd5
34. e4 Qb6+ 35. Qf2 Qb3 36. Bf1 Nb6 37. Qc2 Bd4+ 38. Kh1 Qf3+ 39. Bg2 Qf2 40.
Qxf2 Bxf2 41. Bb2+ Kg8 42. Rc1 Be3 43. Rf1 fxe4 44. Bxe4 Nc4 45. Bf6 Rd6 46.
Be7 Rd7 47. Bb4 Rd4 48. Bf5 Nd2 49. Be6+ Kg7 50. Bf8+ Kg6 51. Bf7+ Kg5 52. Be7+
Kh6 53. Rf5 Bg5 54. Bxg5+ Kh7 55. Bf6 1-0

[Event "SF Neuenkirchen 1 - SV Castrop-Rauxel 1"]
[Site "NRW-Klasse, Gruppe 2 2014/201"]
[Date "2015.03.01"]
[Round "7.2"]
[White "Wilde, Pierre"]
[Black "Kartsev, Alexandr"]
[Result "1-0"]
[WhiteElo "2233"]
[BlackElo "2170"]
[PlyCount "55"]
[EventDate "2015.??.??"]
[WhiteTeam "SF Neuenkirchen 1"]
[BlackTeam "SV Castrop-Rauxel 1"]

1. c4 c5 2. g3 Nf6 3. Bg2 g6 4. Nc3 Bg7 5. Nf3 O-O 6. d4 cxd4 7. Nxd4 d6 8. O-O
a6 9. b3 Ra7 10. Bb2 b6 11. Rc1 Bb7 12. e4 Nbd7 13. Qd2 Ba8 14. Rfd1 Re8 15. f3
Qb8 16. Qf2 Nc5 17. Nc2 Nfd7 18. Ne3 b5 19. b4 Ne6 20. Ncd5 Ne5 21. f4 Nxc4 22.
Nxc4 bxc4 23. Bxg7 Nxg7 24. Rxc4 a5 25. bxa5 Rxa5 26. Rdc1 Ne6 27. Rc8 Qxc8 28.
Rxc8 1-0

[Event "SF Neuenkirchen 1 - SV Castrop-Rauxel 1"]
[Site "NRW-Klasse, Gruppe 2 2014/201"]
[Date "2015.03.01"]
[Round "7.3"]
[White "Kusnetsov, Mark"]
[Black "Beckmann, Klaus"]
[Result "1/2-1/2"]
[WhiteElo "2166"]
[BlackElo "2210"]
[PlyCount "149"]
[EventDate "2015.??.??"]
[WhiteTeam "SV Castrop-Rauxel 1"]
[BlackTeam "SF Neuenkirchen 1"]

1. e4 d5 2. exd5 Qxd5 3. Nf3 Bg4 4. Be2 Nf6 5. h3 Bh5 6. c4 Qd6 7. d4 e6 8. Nc3
c6 9. O-O Nbd7 10. Re1 Be7 11. d5 cxd5 12. cxd5 Nxd5 13. Nxd5 Qxd5 14. Qxd5
exd5 15. Bb5 Bxf3 16. gxf3 a6 17. Ba4 b5 18. Bb3 Nb6 19. Be3 Rb8 20. Bc5 Nc8
21. Rad1 Rb7 22. Bxd5 Rc7 23. Bb4 O-O 24. Ba5 Rc2 25. Bb3 Rc5 26. Rd7 b4 27.
Rexe7 Nxe7 28. Bxb4 Rg5+ 29. Kf1 Nc6 30. Bxf8 Kxf8 31. Rxf7+ Ke8 32. f4 Rg6 33.
f5 Rg5 34. f6 gxf6 35. Rxf6 Nd4 36. Rxa6 Nxb3 37. axb3 Rb5 38. Re6+ Kf7 39. Re3
Kf6 40. Ke2 Kf5 41. Kf3 h5 42. Kg3 Rb4 43. Rc3 h4+ 44. Kf3 Ke5 45. Rc4 Rxb3+
46. Kg4 Rxb2 47. f4+ Kd5 48. Ra4 Rg2+ 49. Kxh4 Ke6 50. Ra5 Kf6 51. Rg5 Rf2 52.
Kg3 Rf1 53. h4 Rg1+ 54. Kf2 Rh1 55. h5 Rh3 56. Kg2 Rh4 57. Kg3 Rh1 58. Rb5 Rg1+
59. Kf2 Rh1 60. h6 Rxh6 61. Rb6+ Kg7 62. Rxh6 Kxh6 63. Kf3 Kg6 64. Kg4 Kf6 65.
f5 Kf7 66. Kg5 Kg7 67. f6+ Kg8 68. Kf4 Kf8 69. Kg5 Kf7 70. Kf5 Kf8 71. Kg4 Kf7
72. Kg5 Kf8 73. Kg6 Kg8 74. Kh6 Kf7 75. Kg5 1/2-1/2

[Event "SF Neuenkirchen 1 - SV Castrop-Rauxel 1"]
[Site "NRW-Klasse, Gruppe 2 2014/201"]
[Date "2015.03.01"]
[Round "7.4"]
[White "Hachmeister, Dirk"]
[Black "Boehnke, Martin"]
[Result "0-1"]
[WhiteElo "2171"]
[BlackElo "2097"]
[PlyCount "73"]
[EventDate "2015.??.??"]
[WhiteTeam "SF Neuenkirchen 1"]
[BlackTeam "SV Castrop-Rauxel 1"]

1. c4 c6 2. g3 Nf6 3. Bg2 d5 4. b3 g6 5. Bb2 Bg7 6. Nf3 O-O 7. O-O a5 8. d3 Re8
9. cxd5 cxd5 10. Na3 Nc6 11. Ne5 Qb6 12. Qd2 Be6 13. Nxc6 bxc6 14. e3 a4 15. b4
Rab8 16. Bc3 c5 17. Nc2 cxb4 18. Bxb4 d4 19. e4 Rec8 20. Rfb1 Ng4 21. Ne1 Bh6
22. Qd1 Qa7 23. Qe2 Ne5 24. Ba3 Qd7 25. Rxb8 Rxb8 26. Qf1 Qc7 27. Nf3 Qc3 28.
Nxe5 Qxa3 29. Nc6 Rb2 30. Nxd4 Rxa2 31. Rb1 Bb3 32. e5 Qc5 33. Nxb3 axb3 34.
Qe1 Rxf2 35. Kh1 Rc2 36. Be4 Qxe5 37. Rxb3 0-1

[Event "SF Neuenkirchen 1 - SV Castrop-Rauxel 1"]
[Site "NRW-Klasse, Gruppe 2 2014/201"]
[Date "2015.03.01"]
[Round "7.5"]
[White "Hille, Ralph Ingo"]
[Black "Buendgen, Achim"]
[Result "1/2-1/2"]
[WhiteElo "2072"]
[BlackElo "2166"]
[PlyCount "94"]
[EventDate "2015.??.??"]
[WhiteTeam "SV Castrop-Rauxel 1"]
[BlackTeam "SF Neuenkirchen 1"]

1. b3 e5 2. Bb2 Nc6 3. e3 d5 4. Bb5 Bd6 5. f4 Qe7 6. Nf3 f6 7. Nc3 Be6 8. O-O
Nh6 9. fxe5 fxe5 10. e4 dxe4 11. Nxe4 Nf7 12. Qe2 O-O 13. Bxc6 bxc6 14. Rae1
Rae8 15. Kh1 a5 16. a4 Bd5 17. Qe3 Ba3 18. Bxa3 Qxa3 19. Qc5 Qxc5 20. Nxc5 e4
21. Nd4 Nd6 22. Rxf8+ Rxf8 23. Kg1 Nf5 24. Nxf5 Rxf5 25. Nxe4 Re5 26. d3 c5 27.
Re2 c4 28. bxc4 Bc6 29. Nc3 Rxe2 30. Nxe2 Bxa4 31. Nd4 Bd7 32. Nb3 a4 33. Na1
c5 34. Kf2 Bc6 35. g3 Kf7 36. Ke3 Kf6 37. c3 Kf5 38. h4 Kg4 39. Kf2 a3 40. Nb3
a2 41. Na1 Ba4 42. d4 Bd1 43. Ke1 Ba4 44. Kf2 Bd1 45. d5 Ba4 46. Kg2 Bd1 47.
Kf2 Ba4 1/2-1/2

[Event "SF Neuenkirchen 1 - SV Castrop-Rauxel 1"]
[Site "NRW-Klasse, Gruppe 2 2014/201"]
[Date "2015.03.01"]
[Round "7.6"]
[White "Haves, Reinhard"]
[Black "Werrn, Pascal"]
[Result "1-0"]
[WhiteElo "2124"]
[BlackElo "2019"]
[PlyCount "119"]
[EventDate "2015.??.??"]
[WhiteTeam "SF Neuenkirchen 1"]
[BlackTeam "SV Castrop-Rauxel 1"]

1. d4 Nf6 2. Nf3 e6 3. g3 c5 4. Bg2 cxd4 5. Nxd4 Nc6 6. O-O Be7 7. c4 O-O 8.
Nc3 a6 9. Nb3 d6 10. Bf4 Nh5 11. Be3 Na5 12. Nxa5 Qxa5 13. Qa4 Qc7 14. Qb3 Nf6
15. Bb6 Qb8 16. Na4 Bd7 17. Be3 Qc7 18. Nb6 Rab8 19. Rac1 Bc6 20. Nd5 exd5 21.
cxd5 Nxd5 22. Qxd5 Bxd5 23. Rxc7 Bd8 24. Rd7 Bxa2 25. Ba7 Be6 26. Rxd6 Ra8 27.
Bb6 Bf6 28. Rd2 Be7 29. Bd5 Bxd5 30. Rxd5 Bd8 31. Rd6 Re8 32. e3 Bxb6 33. Rxb6
Re7 34. Rd1 Kf8 35. Rd4 Rc8 36. Rdb4 Rcc7 37. Kg2 Ke8 38. Kf3 Kd8 39. Rh4 h6
40. Rg4 f6 41. Rgb4 Kc8 42. g4 Rc5 43. Kf4 Rec7 44. h4 R5c6 45. Rxc6 Rxc6 46.
Kf5 b5 47. Kg6 Rc7 48. f4 Kb7 49. e4 Kb6 50. e5 fxe5 51. fxe5 Re7 52. Rf4 a5
53. Rf7 Rxe5 54. Kxg7 h5 55. g5 Re4 56. Kh7 Rxh4 57. g6 Rg4 58. g7 a4 59. Rf6+
Ka5 60. Rg6 1-0

[Event "SF Neuenkirchen 1 - SV Castrop-Rauxel 1"]
[Site "NRW-Klasse, Gruppe 2 2014/201"]
[Date "2015.03.01"]
[Round "7.7"]
[White "Lucke, Thomas"]
[Black "Seegers, Hendrik"]
[Result "0-1"]
[WhiteElo "1875"]
[BlackElo "2131"]
[PlyCount "56"]
[EventDate "2015.??.??"]
[WhiteTeam "SV Castrop-Rauxel 1"]
[BlackTeam "SF Neuenkirchen 1"]

1. d4 d5 2. Nf3 e6 3. c4 c6 4. Nbd2 f5 5. g3 Nf6 6. Bg2 Bd6 7. O-O O-O 8. b3
Bd7 9. Bb2 Be8 10. Ne5 Nbd7 11. Nd3 Qe7 12. f3 e5 13. e3 Bf7 14. dxe5 Nxe5 15.
Qe2 dxc4 16. Nxe5 Bxe5 17. Bxe5 Qxe5 18. Nxc4 Qc5 19. Rfe1 Rfe8 20. Rac1 Rad8
21. Nd2 Qb6 22. Qf2 Rd3 23. Nf1 Bg6 24. h3 h6 25. g4 fxg4 26. hxg4 Rf8 27. Qc2
Rxe3 28. Qc4+ Bf7 0-1

[Event "SF Neuenkirchen 1 - SV Castrop-Rauxel 1"]
[Site "NRW-Klasse, Gruppe 2 2014/201"]
[Date "2015.03.01"]
[Round "7.8"]
[White "Rieke, Theo"]
[Black "Burczik, Leon"]
[Result "1-0"]
[WhiteElo "1938"]
[BlackElo "1405"]
[PlyCount "69"]
[EventDate "2015.??.??"]
[WhiteTeam "SF Neuenkirchen 1"]
[BlackTeam "SV Castrop-Rauxel 1"]

1. Nf3 Nc6 2. e4 e5 3. Bb5 a6 4. Ba4 Nf6 5. O-O Bc5 6. Bxc6 bxc6 7. Nxe5 d6 8.
Nxc6 Qd7 9. Na5 Nxe4 10. d4 Bb6 11. Re1 Qf5 12. Qf3 d5 13. Qxf5 Bxf5 14. Nb3
O-O 15. c3 Rfe8 16. Be3 c6 17. N1d2 a5 18. Nxe4 Bxe4 19. Rad1 Bc2 20. Rd2 Bxb3
21. axb3 Bc7 22. c4 Rab8 23. Rc1 Bd6 24. c5 Bc7 25. Rd3 Rb4 26. Ra1 Reb8 27.
Ra3 Ra8 28. Bd2 Rb5 29. g3 f6 30. b4 Rbb8 31. bxa5 Rxb2 32. a6 Kf7 33. Rab3 Rb8
34. a7 R8xb3 35. Rxb3 1-0

[Event "Herforder SV Königsspringer 1 - SG Boch"]
[Site "NRW-Klasse, Gruppe 2 2014/201"]
[Date "2015.03.01"]
[Round "7.1"]
[White "Tkachuk, Konstantyn"]
[Black "Peist, Juergen"]
[Result "1-0"]
[WhiteElo "2257"]
[BlackElo "2248"]
[PlyCount "67"]
[EventDate "2015.??.??"]
[WhiteTeam "SG Bochum 2"]
[BlackTeam "Herforder SV Königsspringer 1"]

1. e4 e6 2. d4 d5 3. exd5 exd5 4. Nf3 Nc6 5. Bb5 Bd6 6. c4 dxc4 7. d5 a6 8. Ba4
b5 9. dxc6 bxa4 10. O-O Ne7 11. Qxa4 Rb8 12. a3 O-O 13. Nbd2 Rb5 14. Nxc4 Nxc6
15. Be3 Bb7 16. Rad1 Qf6 17. Nxd6 cxd6 18. Nd4 Qh4 19. Qc2 Rh5 20. h3 Ne5 21.
f3 Rc8 22. Qf2 Qf6 23. Rfe1 h6 24. Kh2 Rc4 25. Qg3 Rh4 26. Rd2 g5 27. Red1 Bc8
28. Kh1 Kh7 29. Rf1 Ng6 30. Ne2 Qe6 31. f4 Re4 32. f5 Rxe3 33. fxe6 Rxg3 34.
Rxf7+ 1-0

[Event "Herforder SV Königsspringer 1 - SG Boch"]
[Site "NRW-Klasse, Gruppe 2 2014/201"]
[Date "2015.03.01"]
[Round "7.3"]
[White "Schlawin, Marlon"]
[Black "Loemker, Michael"]
[Result "1-0"]
[WhiteElo "2222"]
[BlackElo "2092"]
[PlyCount "95"]
[EventDate "2015.??.??"]
[WhiteTeam "SG Bochum 2"]
[BlackTeam "Herforder SV Königsspringer 1"]

1. e4 g6 2. d4 Bg7 3. Nc3 d6 4. Be3 a6 5. a4 e6 6. Qd2 Nd7 7. Nf3 Ne7 8. Bh6
O-O 9. h4 f6 10. Bc4 d5 11. Bb3 c6 12. a5 b5 13. axb6 Nxb6 14. Bxg7 Kxg7 15. e5
fxe5 16. Nxe5 Nd7 17. h5 Nxe5 18. dxe5 g5 19. Qxg5+ Kh8 20. O-O-O Bd7 21. h6
Nf5 22. Qxd8 Raxd8 23. Na4 Rg8 24. Rh2 Rg6 25. Rdh1 Nd4 26. Nc5 Bc8 27. c3
Nxb3+ 28. Nxb3 Rf8 29. g3 Rg5 30. Re1 Rff5 31. Nd4 Rxe5 32. Rxe5 Rxe5 33. Nxc6
Re2 34. Rh4 Rxf2 35. Rf4 Rxf4 36. gxf4 Kg8 37. Ne7+ Kf7 38. Nxc8 Kg6 39. Ne7+
Kxh6 40. Kd2 Kg7 41. Ke3 Kf6 42. Nc6 h5 43. b4 Kf5 44. Nb8 h4 45. Nxa6 e5 46.
fxe5 Kxe5 47. Nc5 h3 48. Nd3+ 1-0

[Event "Herforder SV Königsspringer 1 - SG Boch"]
[Site "NRW-Klasse, Gruppe 2 2014/201"]
[Date "2015.03.01"]
[Round "7.4"]
[White "Quelle, Helmut"]
[Black "Kahleys, Kevin"]
[Result "1-0"]
[WhiteElo "2070"]
[BlackElo "2192"]
[PlyCount "119"]
[EventDate "2015.??.??"]
[WhiteTeam "Herforder SV Königsspringer 1"]
[BlackTeam "SG Bochum 2"]

1. Nf3 d5 2. g3 Nf6 3. Bg2 Bf5 4. c4 dxc4 5. Na3 c6 6. Nxc4 e6 7. O-O Nbd7 8.
d3 Be7 9. Bd2 O-O 10. b4 Nb6 11. Na5 Rb8 12. a4 Bg6 13. b5 c5 14. Ne5 Nfd5 15.
Rc1 Qc7 16. d4 Rbc8 17. e4 Nf6 18. Nxg6 hxg6 19. dxc5 Bxc5 20. Be3 Nfd7 21. Nc6
bxc6 22. Bxc5 Nxc5 23. Rxc5 Qe7 24. Rxc6 Rxc6 25. bxc6 Qc5 26. Qc1 Nxa4 27.
Qxc5 Nxc5 28. Rc1 Na6 29. Ra1 Nb4 30. c7 Rc8 31. Rxa7 Nc6 32. Rb7 Kh7 33. e5
Nxe5 34. Bf1 Nf3+ 35. Kg2 Nd4 36. Ba6 Nc6 37. Bb5 Ne7 38. Bd7 Ra8 39. Rb8 Ra7
40. c8=Q Nxc8 41. Bxc8 Rc7 42. h4 Rc5 43. Bd7 g5 44. h5 g4 45. Rf8 Rc7 46. Rxf7
Kg8 47. Bxe6 Rxf7 48. Bxf7+ Kxf7 49. f3 gxf3+ 50. Kxf3 Ke7 51. Kg4 Kf6 52. Kf4
Kf7 53. Kf5 Kg8 54. Kg6 Kf8 55. g4 Kg8 56. g5 Kh8 57. Kf7 g6 58. Kxg6 Kg8 59.
h6 Kh8 60. Kf7 1-0

[Event "Herforder SV Königsspringer 1 - SG Boch"]
[Site "NRW-Klasse, Gruppe 2 2014/201"]
[Date "2015.03.01"]
[Round "7.5"]
[White "Tkachuk, Sergij"]
[Black "Bentel, Robin"]
[Result "1/2-1/2"]
[WhiteElo "2142"]
[BlackElo "2120"]
[PlyCount "94"]
[EventDate "2015.??.??"]
[WhiteTeam "SG Bochum 2"]
[BlackTeam "Herforder SV Königsspringer 1"]

1. e4 c5 2. Nf3 d6 3. d4 cxd4 4. Nxd4 Nf6 5. Nc3 a6 6. Bc4 e6 7. Bb3 Nbd7 8.
Be3 Nc5 9. f3 Be7 10. Qd2 Qc7 11. g4 Bd7 12. g5 Nh5 13. Nce2 b5 14. c3 Nxb3 15.
axb3 Qb7 16. b4 e5 17. Nb3 Be6 18. Na5 Qd7 19. O-O-O f6 20. f4 Qc7 21. f5 Bf7
22. Rhg1 d5 23. exd5 Bxb4 24. Nc6 Bd6 25. Ng3 Nxg3 26. Rxg3 Bf8 27. gxf6 gxf6
28. Bh6 Qd7 29. Bxf8 Rxf8 30. Qd3 Rc8 31. Rg7 h5 32. Qf3 Qd6 33. Qe3 Rg8 34.
Rh7 Qd7 35. Qc5 Rg2 36. Rh8+ Rg8 37. Rh6 Bxd5 38. Rxf6 Rxc6 39. Rxc6 Qxc6 40.
Qxd5 Qxd5 41. Rxd5 Rg1+ 42. Kc2 Rg2+ 43. Kb3 Rxh2 44. Rxe5+ Kf7 45. Re6 Rf2 46.
Rxa6 Rxf5 47. c4 Kg7 1/2-1/2

[Event "Herforder SV Königsspringer 1 - SG Boch"]
[Site "NRW-Klasse, Gruppe 2 2014/201"]
[Date "2015.03.01"]
[Round "7.6"]
[White "Heuermann, Heinz-Burkhard"]
[Black "Werthebach, Felix"]
[Result "1/2-1/2"]
[WhiteElo "1967"]
[BlackElo "2147"]
[PlyCount "94"]
[EventDate "2015.??.??"]
[WhiteTeam "Herforder SV Königsspringer 1"]
[BlackTeam "SG Bochum 2"]

1. Nf3 f5 2. e4 fxe4 3. Ng5 Nf6 4. d3 e3 5. Bxe3 e6 6. d4 Be7 7. Bd3 O-O 8. h4
Nc6 9. c3 d5 10. Qc2 h6 11. Nh7 Nxh7 12. Bxh7+ Kh8 13. Bd3 e5 14. Qe2 Bf6 15.
Qh5 e4 16. Be2 Be6 17. Nd2 Ne7 18. O-O-O Qd7 19. Rdg1 Kh7 20. Bd1 Nf5 21. Qe2
Nxe3 22. Qxe3 c5 23. g4 cxd4 24. cxd4 Rac8+ 25. Kb1 Qc7 26. Nb3 Be7 27. f3 Qf4
28. Re1 Bb4 29. Qxf4 Rxf4 30. Re3 a5 31. a3 Bd6 32. Nxa5 b6 33. Nb3 Bd7 34. Bc2
Bb5 35. Nd2 Kh8 36. fxe4 Rf2 37. Bd3 Bf4 38. Rhe1 Rxd2 39. Bxb5 Bxe3 40. Rxe3
dxe4 41. Rxe4 Rd8 42. Re6 R8xd4 43. Rxb6 Rxg4 44. Rb8+ Kh7 45. h5 Rg1+ 46. Ka2
g6 47. Rb7+ Kh8 1/2-1/2

[Event "Herforder SV Königsspringer 1 - SG Boch"]
[Site "NRW-Klasse, Gruppe 2 2014/201"]
[Date "2015.03.01"]
[Round "7.7"]
[White "Mazarov, Juergen"]
[Black "Fuß, Jan"]
[Result "1/2-1/2"]
[WhiteElo "2111"]
[BlackElo "1717"]
[PlyCount "47"]
[EventDate "2015.??.??"]
[WhiteTeam "SG Bochum 2"]
[BlackTeam "Herforder SV Königsspringer 1"]

1. e4 e5 2. Nf3 Nc6 3. Bb5 a6 4. Ba4 Nf6 5. d3 d6 6. c3 Be7 7. O-O b5 8. Bc2
O-O 9. h3 Na5 10. d4 exd4 11. cxd4 c5 12. Re1 Nc6 13. Nc3 Re8 14. Bf4 Bf8 15.
Qd2 Bb7 16. Rad1 Rc8 17. Bg5 Be7 18. dxc5 dxc5 19. Qf4 Nd4 20. Nxd4 cxd4 21.
Bxf6 Bxf6 22. e5 Qc7 23. Qxd4 Bxe5 24. Qh4 1/2-1/2

[Event "Herforder SV Königsspringer 1 - SG Boch"]
[Site "NRW-Klasse, Gruppe 2 2014/201"]
[Date "2015.03.01"]
[Round "7.8"]
[White "Schmalhorst, Peter"]
[Black "Zeldin, Leonid"]
[Result "0-1"]
[WhiteElo "1656"]
[BlackElo "1997"]
[PlyCount "92"]
[EventDate "2015.??.??"]
[WhiteTeam "Herforder SV Königsspringer 1"]
[BlackTeam "SG Bochum 2"]

1. e4 c5 2. Nf3 d6 3. Nc3 g6 4. Bc4 Bg7 5. d3 Nf6 6. h3 Nc6 7. a3 O-O 8. O-O a6
9. Bd2 b5 10. Ba2 Bb7 11. Ne2 Nd7 12. c3 e5 13. Be3 Qe7 14. Rc1 h6 15. Qd2 Kh7
16. Nh2 f5 17. f3 f4 18. Bf2 a5 19. Bd5 Nf6 20. Bb3 h5 21. d4 c4 22. Bc2 g5 23.
Rfd1 Rfd8 24. Qe1 Bh6 25. Kh1 Rg8 26. Qd2 g4 27. Bh4 Rad8 28. Ng1 Bc8 29. Qe2
Bg5 30. Qe1 g3 31. Bxg5 gxh2 32. Qh4 hxg1=Q+ 33. Rxg1 Rdf8 34. Bxf4 Qf7 35. Bg5
Rxg5 36. Qxg5 Rg8 37. Qh4 Ne7 38. Rcf1 Ng6 39. Qf2 Nf4 40. Kh2 Qg7 41. Qd2 Qg3+
42. Kh1 h4 43. Qe1 N6h5 44. Rf2 Bxh3 45. gxh3 Qxh3+ 46. Rh2 Qxf3+ 0-1

[Event "SF Katernberg 2 - DJK Aufwärts Aachen 2"]
[Site "NRW-Klasse, Gruppe 2 2014/201"]
[Date "2015.03.22"]
[Round "8.1"]
[White "Gulbas, Cemil"]
[Black "Rosen, Bernd"]
[Result "1-0"]
[WhiteElo "2346"]
[BlackElo "2281"]
[PlyCount "55"]
[EventDate "2015.??.??"]
[WhiteTeam "DJK Aufwärts Aachen 2"]
[BlackTeam "SF Katernberg 2"]

1. e4 e6 2. d4 d5 3. Nc3 Nf6 4. Bg5 dxe4 5. Nxe4 Be7 6. Bxf6 gxf6 7. Nf3 f5 8.
Nc3 a6 9. g3 b5 10. Bg2 Bb7 11. O-O Qd6 12. Qe2 Nd7 13. Rad1 Rd8 14. d5 b4 15.
dxe6 Qxe6 16. Nd4 Qxe2 17. Ncxe2 Bxg2 18. Kxg2 Nb8 19. Nxf5 Rxd1 20. Rxd1 Bf6
21. b3 O-O 22. Nf4 Rd8 23. Nd5 Kf8 24. Rd3 Bc3 25. Nxb4 Rxd3 26. Nxd3 Nc6 27.
Kf3 a5 28. Ke4 1-0

[Event "SF Katernberg 2 - DJK Aufwärts Aachen 2"]
[Site "NRW-Klasse, Gruppe 2 2014/201"]
[Date "2015.03.22"]
[Round "8.2"]
[White "Bee, Marcus"]
[Black "Hautot, Stephane"]
[Result "0-1"]
[WhiteElo "2215"]
[BlackElo "2318"]
[PlyCount "68"]
[EventDate "2015.??.??"]
[WhiteTeam "SF Katernberg 2"]
[BlackTeam "DJK Aufwärts Aachen 2"]

1. Nf3 d5 2. c4 c6 3. g3 Nf6 4. Bg2 Bf5 5. cxd5 cxd5 6. Qb3 Nc6 7. Qxb7 Rc8 8.
O-O e5 9. d4 exd4 10. Qb3 Bc5 11. Bg5 h6 12. Bxf6 Qxf6 13. Nbd2 O-O 14. Rac1
Qd6 15. Qa4 Bb6 16. Qd1 d3 17. exd3 Bxd3 18. Re1 Nb4 19. Rxc8 Rxc8 20. Ne5 f6
21. Qg4 Rd8 22. Ng6 Bxf2+ 23. Kxf2 Qc5+ 24. Kf3 f5 25. Ne7+ Kh8 26. Ng6+ Kh7
27. Qh5 Be4+ 28. Ke2 Qb5+ 29. Kd1 Bc2+ 30. Kc1 Nxa2+ 31. Kxc2 Rc8+ 32. Nc4
Rxc4+ 33. Kd2 Qxb2+ 34. Ke3 Qd4+ 0-1

[Event "SF Katernberg 2 - DJK Aufwärts Aachen 2"]
[Site "NRW-Klasse, Gruppe 2 2014/201"]
[Date "2015.03.22"]
[Round "8.3"]
[White "Skulener, Wladimir"]
[Black "Wessendorf, Thomas"]
[Result "1-0"]
[WhiteElo "2282"]
[BlackElo "2198"]
[Annotator "Hausrath,Daniel"]
[PlyCount "61"]
[EventDate "2015.??.??"]
[WhiteTeam "DJK Aufwärts Aachen 2"]
[BlackTeam "SF Katernberg 2"]

1. d4 Nf6 2. c4 c5 3. Nf3 cxd4 4. Nxd4 e6 5. Nc3 a6 6. e4 Qc7 7. Be2 b6 8. O-O
Bb7 9. Qd3 d6 10. f3 Nbd7 11. b3 Rc8 12. Bb2 Be7 13. Rac1 O-O 14. Kh1 Qb8 15.
Qe3 $11 Rfe8 16. f4 Bf8 17. Bf3 e5 18. Nf5 g6 19. fxe5 dxe5 20. Nh6+ Bxh6 21.
Qxh6 Qd6 22. Rfd1 $11 Qe6 23. Nd5 Nc5 24. Qe3 a5 25. Rd2 Nfd7 26. Rcd1 f6 27.
Ba3 Kg7 28. h3 Rc6 29. Nxb6 Nxb6 30. Bxc5 Bc8 31. Rd6 1-0

[Event "SF Katernberg 2 - DJK Aufwärts Aachen 2"]
[Site "NRW-Klasse, Gruppe 2 2014/201"]
[Date "2015.03.22"]
[Round "8.4"]
[White "Gassmann, Volker"]
[Black "Buscher, Michael"]
[Result "0-1"]
[WhiteElo "2131"]
[BlackElo "2317"]
[PlyCount "108"]
[EventDate "2015.??.??"]
[WhiteTeam "SF Katernberg 2"]
[BlackTeam "DJK Aufwärts Aachen 2"]

1. e4 c5 2. Nf3 d6 3. Bb5+ Bd7 4. Bxd7+ Qxd7 5. c4 Nc6 6. Nc3 g6 7. d4 cxd4 8.
Nxd4 Bg7 9. Be3 Nf6 10. h3 O-O 11. O-O Rfc8 12. b3 Qd8 13. Qd2 Qa5 14. Rad1 a6
15. Rfe1 Nd7 16. Nxc6 Rxc6 17. Nd5 Qxd2 18. Bxd2 Kf8 19. Bg5 f6 20. Be3 Kf7 21.
Bd4 Bf8 22. a4 b6 23. Re3 e6 24. Nb4 Rcc8 25. Ra1 Be7 26. Kf1 Ke8 27. Bc3 Nc5
28. Bb2 Kf7 29. f4 f5 30. exf5 gxf5 31. Bd4 Ne4 32. Nc2 b5 33. cxb5 axb5 34.
Nb4 d5 35. Nd3 Bf6 36. Ne5+ Bxe5 37. Bxe5 bxa4 38. bxa4 Nd2+ 39. Ke2 Nc4 40.
Rb3 Ra6 41. Rb7+ Kg6 42. Bd4 h5 43. Rab1 e5 44. fxe5 Rxa4 45. Re7 Ra2+ 46. Ke1
f4 47. e6 Kf5 48. Rf7+ Ke4 49. Bf2 Rc6 50. Rb3 d4 51. Rf3 Ra1+ 52. Ke2 d3+ 53.
Rxd3 Ra2+ 54. Kf1 Kxd3 0-1

[Event "SF Katernberg 2 - DJK Aufwärts Aachen 2"]
[Site "NRW-Klasse, Gruppe 2 2014/201"]
[Date "2015.03.22"]
[Round "8.5"]
[White "Marcziter, Dmitrii"]
[Black "Villwock, Martin"]
[Result "0-1"]
[WhiteElo "2179"]
[BlackElo "2151"]
[PlyCount "68"]
[EventDate "2015.??.??"]
[WhiteTeam "DJK Aufwärts Aachen 2"]
[BlackTeam "SF Katernberg 2"]

1. d4 Nf6 2. c4 g6 3. Nf3 Bg7 4. g3 O-O 5. Bg2 d6 6. O-O Nc6 7. Nc3 a6 8. d5
Na5 9. b3 c5 10. dxc6 bxc6 11. Nd4 Qc7 12. Bd2 Bd7 13. Na4 Nb7 14. Rc1 Rad8 15.
e3 e5 16. Ne2 Bf5 17. b4 Ne4 18. Be1 h5 19. f3 Nf6 20. e4 Be6 21. Bf2 Qe7 22.
Nb6 Bh6 23. Rc3 d5 24. exd5 cxd5 25. c5 d4 26. Ra3 a5 27. f4 Nxc5 28. Rxa5 Nce4
29. fxe5 Nxf2 30. exf6 Qxb4 31. Ra4 Qxb6 32. Rxf2 Be3 33. Nf4 d3 34. Qf1 d2 0-1